Countries With Asian Elephants - Statistics

General Stats
  • This quiz has been taken 59 times
  • The average score is 12 of 13
Answer Stats
Estimated Asian Elephant Count Country Share of Global Asian Elephants (%) % Correct
29,964 India 62.5%
100%
363 Bangladesh 0.757%
98%
500 Cambodia 1.04%
98%
300 China 0.625%
98%
1,794 Indonesia 3.74%
98%
550 Laos 1.15%
98%
3,234 Thailand 6.74%
98%
3,000 Myanmar 6.25%
96%
1,450 Malaysia 3.02%
94%
118 Vietnam 0.246%
94%
5,879 Sri Lanka 12.3%
92%
683 Bhutan 1.42%
88%
127 Nepal 0.265%
87%
No matching quizzes found
Score Distribution
Percent of People with Each Score
Percentile by Number Answered
Your Score History
You have not taken this quiz